00729 2200265 4500001002100000005001700021008004100038020002200079035002400101040001200125041000800137082001700145084001700162090002100179100001600200245004800216250001100264260005100275300003700326504002600363650001400389650002600403850001200429990002200441INLIS00000000003378720180313143558.0  a978-602-386-153-8 0010-021800000000513 aYOPDYOG0 aind0 2[23]a005.55 a005.55 Ded A aDEP 005.55 Ded A0 aDEDI ROSADI0 aAnalisis statistika dengan Rc/ Dedi Rosadi aCet. 1 aYogyakartabGadjah Mada University Pressc2016 axiv, 183 hlm.b: ilus.c; 23 cm. aBibliografi: hlm. 183 4aStatistik 4aKomputer, Pemrograman aYOPDYOG aCB-D.11/2016-2659